|
|
|
|
| LEADER |
00000cas a2200000 c 4500 |
| 001 |
389489719 |
| 003 |
DE-627 |
| 005 |
20260207122414.0 |
| 007 |
tu |
| 008 |
040624c20039999gw z| m| 0 |0ger c |
| 015 |
|
|
|a 07,A42,0181
|2 dnb
|
| 016 |
7 |
|
|a 026123657
|2 DE-101
|
| 016 |
7 |
|
|a 2149682-1
|2 DE-600
|
| 022 |
|
|
|a 1611-4914
|
| 035 |
|
|
|a (DE-627)389489719
|
| 035 |
|
|
|a (DE-576)105284548
|
| 035 |
|
|
|a (DE-599)ZDB2149682-1
|
| 035 |
|
|
|a (OCoLC)648903621
|
| 040 |
|
|
|a DE-627
|b ger
|c DE-627
|e rakwb
|
| 041 |
|
|
|a ger
|
| 044 |
|
|
|c XA-DE
|
| 082 |
0 |
4 |
|a 220
|q DE-101
|
| 082 |
0 |
4 |
|a 290
|a 230
|q DE-600
|
| 084 |
|
|
|a 1
|2 ssgn
|
| 222 |
|
0 |
|a Forschungen zum Alten Testament. 2. Reihe (exi)
|
| 245 |
0 |
0 |
|a Forschungen zum Alten Testament
|b FAT
|n 2. Reihe
|
| 246 |
1 |
|
|i Ansetzungssachtitel
|a Forschungen zum Alten Testament / 2
|
| 246 |
3 |
3 |
|a FAT
|
| 264 |
3 |
1 |
|a Tübingen
|b Mohr Siebeck
|c 2003-
|
| 336 |
|
|
|a Text
|b txt
|2 rdacontent
|
| 337 |
|
|
|a ohne Hilfsmittel zu benutzen
|b n
|2 rdamedia
|
| 338 |
|
|
|a Band
|b nc
|2 rdacarrier
|
| 362 |
0 |
|
|a 1.2003 -
|
| 363 |
0 |
1 |
|a 1
|i 2003
|
| 515 |
|
|
|a Ersch. unregelmäßig
|
| 601 |
|
|
|a Forschung
|
| 601 |
|
|
|a Testament
|
| 652 |
|
|
|a HA
|b DDCoderRVK
|
| 655 |
|
7 |
|a Monografische Reihe
|0 (DE-588)4179998-7
|0 (DE-627)104628669
|0 (DE-576)209995106
|2 gnd-content
|
| 776 |
0 |
8 |
|i Erscheint auch als
|n Online-Ausg.
|t Forschungen zum Alten Testament
|d Tübingen : Mohr Siebeck, 2006
|h Online-Ressource
|w (DE-627)751858463
|w (DE-600)2722740-6
|w (DE-576)390369381
|x 2568-8367
|k Electronic
|
| 787 |
0 |
8 |
|i 64=1; 61=2; 72=3; 75=4 von
|a Sofja Kovalevskaja Forschungsgruppe für Frühjüdischen Monotheismus
|t Studies of the Sofja Kovalevskaja Research Group on Early Jewish Monotheism
|d Tübingen : Mohr Siebeck, 2013
|w (DE-627)772489513
|w (DE-600)2742833-3
|w (DE-576)398046174
|
| 889 |
|
|
|w (DE-603)186300913
|
| 889 |
|
|
|w (DE-576)433912154
|
| 889 |
|
|
|w (DE-627)1827566345
|
| 889 |
|
|
|w (DE-627)1871395402
|
| 935 |
|
|
|a mteo
|
| 935 |
|
|
|i sdedup20221110
|
| 936 |
s |
n |
|a b100
|2 mzub
|
| 951 |
|
|
|a ST
|
| BIB |
|
|
|a 1
|c 1
|
| CAN |
|
|
|a 1
|c 1
|
| ELC |
|
|
|b 1
|
| ITA |
|
|
|a 1
|t 1
|
| LOK |
|
|
|0 000 xxxxxcx a22 zn 4500
|
| LOK |
|
|
|0 001 2485249253
|
| LOK |
|
|
|0 003 DE-627
|
| LOK |
|
|
|0 004 389489719
|
| LOK |
|
|
|0 005 20131118130016
|
| LOK |
|
|
|0 008 030701||||||||||||||||ger|||||||
|
| LOK |
|
|
|0 040
|a DE-21
|c DE-627
|d DE-21
|
| LOK |
|
|
|0 852
|a DE-21
|
| LOK |
|
|
|0 852 1
|9 00
|
| LOK |
|
|
|0 935
|a theo
|
| LOK |
|
|
|0 939
|a 2003-07-01
|b l01
|
| LOK |
|
|
|0 000 xxxxxcx a22 zn 4500
|
| LOK |
|
|
|0 001 2485249261
|
| LOK |
|
|
|0 003 DE-627
|
| LOK |
|
|
|0 004 389489719
|
| LOK |
|
|
|0 005 20251216075510
|
| LOK |
|
|
|0 008 030715||||||||||||||||ger|||||||
|
| LOK |
|
|
|0 040
|a DE-21-31
|c DE-627
|d DE-21-31
|
| LOK |
|
|
|0 852
|a DE-21-31
|
| LOK |
|
|
|0 852 1
|c Ba I 12
|m p
|9 00
|
| LOK |
|
|
|0 866
|x Nicht mehr abonniert. Einzelne Bände kommen als Geschenk
|
| LOK |
|
|
|0 938
|k p
|
| LOK |
|
|
|0 939
|a 2003-07-15
|b l01
|
| LOK |
|
|
|0 000 xxxxxcx a22 zn 4500
|
| LOK |
|
|
|0 001 2509207385
|
| LOK |
|
|
|0 003 DE-627
|
| LOK |
|
|
|0 004 389489719
|
| LOK |
|
|
|0 005 20060529101741
|
| LOK |
|
|
|0 008 060529||||||||||||||||ger|||||||
|
| LOK |
|
|
|0 040
|a DE-21-11
|c DE-627
|d DE-21-11
|
| LOK |
|
|
|0 852
|a DE-21-11
|
| LOK |
|
|
|0 852 1
|m p
|9 00
|
| LOK |
|
|
|0 938
|k p
|
| LOK |
|
|
|0 939
|a 2006-05-29
|b l01
|
| LOK |
|
|
|0 000 xxxxxcx a22 zn 4500
|
| LOK |
|
|
|0 001 2530628769
|
| LOK |
|
|
|0 003 DE-627
|
| LOK |
|
|
|0 004 389489719
|
| LOK |
|
|
|0 005 20230525093435
|
| LOK |
|
|
|0 008 070329||||||||||||||||ger|||||||
|
| LOK |
|
|
|0 040
|a DE-21-35
|c DE-627
|d DE-21-35
|
| LOK |
|
|
|0 852
|a DE-21-35
|
| LOK |
|
|
|0 852 1
|c Einzelsignatur
|m p
|9 00
|
| LOK |
|
|
|0 866
|x = Dissertationen im Mag/RARA
|
| LOK |
|
|
|0 938
|k p
|
| LOK |
|
|
|0 939
|a 2007-03-29
|b l01
|
| LOK |
|
|
|0 000 xxxxxcx a22 zn 4500
|
| LOK |
|
|
|0 001 2712751094
|
| LOK |
|
|
|0 003 DE-627
|
| LOK |
|
|
|0 004 389489719
|
| LOK |
|
|
|0 005 20240321102636
|
| LOK |
|
|
|0 008 120508||||||||||||||||ger|||||||
|
| LOK |
|
|
|0 040
|a DE-21-206
|c DE-627
|d DE-21-206
|
| LOK |
|
|
|0 852
|a DE-21-206
|
| LOK |
|
|
|0 852 1
|m p
|9 00
|
| LOK |
|
|
|0 935
|a i034
|a k034
|a veex
|a mcup
|
| LOK |
|
|
|0 938
|k p
|
| LOK |
|
|
|0 939
|a 2012-05-08
|b l01
|
| LOK |
|
|
|0 000 xxxxxcx a22 zn 4500
|
| LOK |
|
|
|0 001 3557761924
|
| LOK |
|
|
|0 003 DE-627
|
| LOK |
|
|
|0 004 389489719
|
| LOK |
|
|
|0 005 20240305104754
|
| LOK |
|
|
|0 008 191016||||||||||||||||ger|||||||
|
| LOK |
|
|
|0 040
|a DE-Tue135
|c DE-627
|d DE-Tue135
|
| LOK |
|
|
|0 092
|o n
|
| LOK |
|
|
|0 852
|a DE-Tue135
|
| LOK |
|
|
|0 852 1
|9 00
|
| LOK |
|
|
|0 935
|a ixbt
|a RFBW
|
| LOK |
|
|
|0 939
|a 2019-10-16
|b l01
|
| ORI |
|
|
|a TA-MARC-ixtheob001.raw
|
| REL |
|
|
|a 1
|
| SPR |
|
|
|a 1
|t BIB
|t CAN
|t IXT
|t REL
|
| SUB |
|
|
|a REL
|